| 000 | 00665 a2200229 4500 | ||
|---|---|---|---|
| 003 | dpl | ||
| 005 | 20180705115838.0 | ||
| 008 | 180705b xxu||||| |||| 00| 0 eng d | ||
| 010 | _aB-216821 | ||
| 020 |
_c75.00 _a812250387X |
||
| 035 | _aB-216821 | ||
| 037 | _bBPPD/PUB | ||
| 040 | _c0 | ||
| 082 | 1 | 4 | _a651.7 |
| 100 | 1 | _aVasisthth, Neeru | |
| 245 | 1 |
_aBusiness communication / _cby Neeru Vasishth and Namita Rajput |
|
| 260 |
_aNew Delhi _bKitab Mahal _c2006 |
||
| 270 |
_a28, Netaji Subhash Marg _bDelhi _e110002 |
||
| 300 |
_avi, 226p. _c23 cm (Pbk.) |
||
| 700 | _aRajput, Namita | ||
| 942 |
_adpl _cEN _k651.7 / VAS _2ddc _h651.7 _mVAS |
||
| 999 |
_c153414 _d153414 |
||